000 00457nam a2200181Ia 4500
001 17317
005 20260306171508.0
008 260306s9999||||xx |||||||||||||| ||und||
041 _aESP
082 _a657.61
_bR92
100 _aRueda Peves, Justo
_eAUT
245 0 _aManual práctico del nuevo plan contable general empresarial
260 _c2019
300 _a560 páginas :
_c20 cm.
650 _aGEN
654 _aCCO
942 _cLIB
_dJUS
_fJUS
_2ddc
_n
999 _c17317
_d17317